| 000 | 00928nam a2200193Ia 4500 | ||
|---|---|---|---|
| 003 | IN-BaIIA | ||
| 008 | 211028s9999 xx 000 0 eng d | ||
| 020 | _a90-277-2046-0 | ||
| 040 | _cIIA Library | ||
| 080 |
_a523.98 _bSZE |
||
| 111 |
_aNATO Advanced Study institute on Stability of the Solar System and Its Minor Natural and Artificial Bodies _cItaly _d1984 Aug. 6-18 _914365 |
||
| 245 | 0 |
_aStability of the Solar system and its minor natural and artificial bodies _bproceedings of the NATO Advanced Study Institute on stability of the Solar system and its minor natural and artificial bodies. Cortina d' Ampezzo,Italy, Aug 6-18, 1984 _cedited by Victor G. Szebehely |
|
| 260 |
_aDordrecht _bD. Reidel Publishing _c1985 |
||
| 300 | _a[various pagings.] | ||
| 650 | _aAstronomy and Astrophysics Thesaurus | ||
| 650 | _aSolar System | ||
| 700 |
_aSzebehely, Victor G., ed. _94834 |
||
| 942 | _cBK | ||
| 999 |
_c8565 _d8565 |
||